000 00762nam a22002297a 4500
003 OSt
005 20140310181916.0
008 130716t xxu||||| |||| 00| 0 eng d
020 _a
050 _aHC 110
_b.C435 1985
082 _aTR 338.97
_bC34 1985
100 _aChako, George Kuttickal
_9924
245 _aTrade draim imperative of technology transfer :
_bUS-taiwan concomitant colictions /
_cGeorge Chako.
260 _aPublisher Taiwan :
_bGraduate School of Business Admin ,National Chengehe University ;
_cNJ, 1985.
300 _aXIX, 351 p., :
_bill. ;
_c24 cm.
521 _aFaulty
541 _j1
562 _e1
650 _aTechnology transfer
_xU.S.
_9925
650 _aTechnology transfer
_xtaiwan
_9926
942 _2lcc
_cBK-TR
_kTR
999 _c6755
_d6755